000 00999nas a2200325 4500
001 BR2013003740
003 BR-BrBNA
005 20231205122322.0
007 ta
008 230509b bl.|||p| |||| 00| 00por d
040 _aBR-BrBNA
_bpor
_cBiblioteca Nacional de Agricultura
041 _a(En)
072 _aH20; F30
100 1 _aPatrocinio, N.G.R.B.
100 1 _aMoreira, R.F.C.
100 1 _aSerra, W. de O.
100 1 _aPires, J.L.
100 1 _aGramacho, K.P.
245 1 _aTemporal genetic characterization of isolates of Moniliophthora perniciosa in southeast of Bahia, Brazil
650 _aCACAU
650 _aTHEOBROMA CACAO
650 _aVARIAÇÃO GENÉTICA
650 _aVASSOURA-DE-BRUXA
650 _aMARCADOR GENÉTICO
650 _aBAHIA
773 0 _tAgrotrópica (Brazil)
_xISSN 0103-3816
_g(Sep-Dec 2012), v. 24(3) p. 169-178
_wBR2013003740
856 4 0 _dLink DSPACE/MAPA BR2013003740
909 _a202311
_bLúcia
_c55
_dLúcia Elande
942 _2AGRIS
_n0
_cANA
999 _c228042
_d228042